| 000 | 00806nam a22002537a 4500 | ||
|---|---|---|---|
| 005 | 20170123162330.0 | ||
| 010 | _aA-644983 | ||
| 020 | _c60.00 | ||
| 035 | _aA-644983 | ||
| 037 | _bCen Lib/Ret | ||
| 040 |
_aDPL _bUR |
||
| 082 |
_aک _bص د ی |
||
| 100 |
_aصدّیقی ، شبّیر _9112478 |
||
| 245 |
_aدل کی بات : _c شبّیرصدّیقی _bافسانے / |
||
| 246 |
_aDil ki baat : afsane / _bby Shabbir Sidiqi |
||
| 260 |
_bتخلیکر پبلشرس _c1993 _aنیی دہلی |
||
| 270 |
_aنیی دہلی _bلکھنوو _e110002 |
||
| 300 |
_a159p. _c21cm(Hb) |
||
| 650 |
_aادب -- اردو _9120904 |
||
| 650 |
_aاردو افسانے _9120905 |
||
| 650 |
_aLiterature -- Urdu _9120906 |
||
| 650 |
_aUrdu stories _9120907 |
||
| 942 |
_2ddc _cUR _hک _mص د ی |
||
| 999 |
_c107708 _d107708 |
||